000 00274nam a22001217a 4500
008 170204b xxu||||| |||| 00| 0 eng d
041 _aeng
080 _a61
100 _a3
101 _ashm
245 _aL'AORTE ABDOMINALE ET LE TRONC COELIAQUE
_cDANTE, R
942 _2udc
_cBK
999 _c4623
_d4623